000 00424nam a2200157Ia 4500
008 100122s9999 xx 000 0 und d
082 _b31264
_a823
100 _aभागवत शशी
245 _aमर्मभेद
250 _a2
260 _bमॅजेस्टिक प्रकाशन
_c1979
300 _a263
630 _aमर्मभेद
730 _aमर्मभेद
942 _cBOOK
999 _c415907
_d415904